| 000 | 00384nam a22001457a 4500 | ||
|---|---|---|---|
| 003 | MACL | ||
| 005 | 20190818161803.0 | ||
| 008 | 190818b xxu||||| |||| 00| 0 eng d | ||
| 040 | _cMACL | ||
| 100 |
_aSingh, S B _976338 |
||
| 245 | _aGlobal War on Terror : Military Culture and Irregular War | ||
| 260 |
_aDelhi _bNeha Pub _c2018 |
||
| 650 |
_aMilitary _976339 |
||
| 942 |
_2ddc _cBK |
||
| 999 |
_c60801 _d60801 |
||